000 00323nam a2200133Ia 4500
100 _aAmerican Society For Metals
942 _cRB
654 _aSource book on forming of steel
245 _aSource book on Forming of Steel Sheet
260 _bAstme
_aOhio
_c1976
082 _a672.823
300 _a391
546 _aENGLISH
999 _c25554
_d25554